| 000 | 00657nam a2200217 u 4500 | ||
|---|---|---|---|
| 005 | 20240228063904.0 | ||
| 008 | 070828s2007 r 000 0 eng d | ||
| 020 | _a9789685389501 | ||
| 035 | _aUPN01000151543 | ||
| 049 | _aI | ||
| 050 | 4 |
_aPZ74.3 _bZ4.7 |
|
| 100 | 1 |
_aZepeda, Monique _932349 |
|
| 245 | 1 | 0 |
_aTigre callado : _bescribe poesía / _cMonique Zepeda ; il. Julián Cicero. |
| 260 |
_aMéxico : _bEl Naranjo, _cc2007. |
||
| 300 |
_a[62] p. : _bprincipalmente il. col. |
||
| 650 | 7 |
_aPoesía infantil _2 _91259 |
|
| 650 | 4 |
_aRimas infantiles _910247 |
|
| 650 | 4 |
_aLibros y lectura para niños _92290 |
|
| 905 | _aInfantil | ||
| 999 |
_c123679 _d123679 |
||